[Event "FIDE Grand Prix Tashkent 2014-15"]
[Site "Tashkent"]
[Date "2014.10.21"]
[Round "1"]
[White "Mamedyarov, Shakhriyar"]
[Black "Andreikin, Dmitry"]
[Result "0-1"]
[WhiteElo "2764"]
[BlackElo "2722"]
[Annotator "Ramirez,Alejandro"]
[PlyCount "102"]
[EventDate "2014.??.??"]
[EventCountry "UZB"]

1. d4 d5 2. c4 c6 3. Nf3 Nf6 4. Nc3 a6 5. e3 e6 6. Qc2 Nbd7 7. b3 (7. a3 {was
Mamedyarov's unsuccessful try against Andreikin in the previous GP.}) 7... Bd6
8. Bb2 O-O 9. Be2 e5 10. cxd5 cxd5 11. dxe5 Nxe5 12. O-O Be6 13. Rac1 Rc8 14.
Qb1 {A typical isolated pawn position for the structure. Black has almost no
problems. He will always have to defend his d-pawn, but his space advantage
and good pieces usually nullifies White's structural edge.} Nfg4 15. Nxe5 Bxe5
16. h3 Bh2+ 17. Kh1 Bb8 {Black has some serious threats on the kingside, one
of the reasons this structure is acceptable for him. Mamedyarov eases the
pressure as soon as possible, but that costs him the pair of bishops.} 18. Bxg4
Bxg4 19. Qd3 (19. Nxd5 Rxc1 20. Rxc1 Bxh3 21. Nf6+ gxf6 22. gxh3 Qd5+ $11)
19... Qd6 $2 {This move is surprisingly imprecise.} (19... Be6 20. f4 f6 $11)
20. f4 Be6 21. Rcd1 Qc5 22. Nxd5 {Black basically did not have a good way of
defending d5. He has compensation due to his activity but White is the one
playing for a win.} Bxd5 23. Qxd5 Qxd5 24. Rxd5 Ba7 25. e4 Rfe8 26. e5 Rc2 27.
Rb1 h5 28. Rd7 Rf2 29. Rxb7 Be3 30. f5 Rxf5 31. Re1 Rf2 32. Rxe3 Rxb2 33. a4 {
White is up a solid pawn, but winning is very hard. Black is active and he has
pressure over both e5 and b3.} Re6 34. Kh2 h4 35. Re4 f5 $2 36. Rd4 Rc6 37.
Rb8+ $2 (37. Rd6 $1 Rxd6 (37... Rcc2 38. Rg6 $18) 38. exd6 Rd2 39. Rb6 $18)
37... Kh7 38. Rxh4+ Kg6 39. Rhh8 Rcc2 40. Kg3 (40. Rb6+ Kf7 41. e6+ Ke7 42. Kg3
{was just a stronger version of the game.}) 40... Rxg2+ 41. Kh4 Rbe2 42. Rb6+
Kf7 43. e6+ $2 {With a weak king Mamedyarov panics.} (43. Rb7+ Ke6 44. Re8+ Kd5
45. Rd7+ Ke4 46. Rg8 $11) 43... Rxe6 44. Rxe6 Kxe6 45. b4 {It's unclear if
White can save this endgame. Karsten Muller will tell us!} (45. Ra8 f4 $19)
45... g5+ 46. Kh5 g4 47. Kh4 g3 48. b5 axb5 49. axb5 f4 50. Rg8 Kd7 51. Rg7+
Kc8 {White is helpless agaisnt Rf2, g2, f3 and Rf1.} 0-1

[Event "FIDE Grand Prix Tashkent 2014-15"]
[Site "Tashkent"]
[Date "2014.10.21"]
[Round "1"]
[White "Radjabov, Teimour"]
[Black "Karjakin, Sergey"]
[Result "1/2-1/2"]
[WhiteElo "2726"]
[BlackElo "2767"]
[Annotator "Ramirez,Alejandro"]
[PlyCount "89"]
[EventDate "2014.??.??"]
[EventCountry "UZB"]

1. e4 e5 2. Nc3 Nf6 3. g3 $5 d5 (3... Bc5 {This move interestingly transposes
to a specific variation of the Spanish where sometimes Black plays ...a6 and
that move is met with Bc4 because Black has played g6.}) 4. exd5 Nxd5 5. Bg2
Nxc3 6. bxc3 Bd6 7. Nf3 O-O 8. O-O Nc6 9. Rb1 h6 10. d3 {We aren't following
any specific game, but the structures are well known. It kind of resembles a
reverse King's Indian, except Black's pawn is still on c7 (which is probably a
good thing for him as he can always close the diagonal later with c6).} Rb8 11.
Nh4 Be6 12. Qh5 Ne7 13. f4 exf4 14. gxf4 Nd5 (14... Bxa2 15. Ra1 Bd5 $1 {This
forced move is not easy to see.} 16. Bxd5 Nxd5 17. Nf5 Qf6 $1 {Black retains
some advantage.}) 15. Bxd5 Bxd5 16. Nf5 Bc6 17. Be3 Qf6 18. Bd4 Qg6+ 19. Qxg6
fxg6 20. Nxd6 cxd6 {At the end of the day the opposite colored bishops give
the position more of a drawish feeling than antyhing else. The rooks are not
active enough yet to cause the enemy kings any problems.} 21. Rbe1 Rbe8 22.
Rxe8 Rxe8 23. Bxa7 Ra8 24. Bb6 Rxa2 25. Rf2 Ba4 26. Bc7 d5 27. Be5 Kf7 28. Kg2
h5 29. h4 Bd7 30. Kg1 Bg4 31. Bd4 b5 32. Be5 Ra7 33. Kg2 Ke6 34. Bd4 Re7 35.
Be5 Kf5 36. Rf1 Ra7 37. Rb1 g5 38. Bd4 Ra2 39. fxg5 Rxc2+ 40. Kg3 Rd2 41. Bxg7
Rxd3+ 42. Kf2 Rh3 43. Rxb5 Rxh4 44. Rxd5+ Kg6 45. Be5 1/2-1/2

[Event "FIDE Grand Prix Tashkent 2014-15"]
[Site "Tashkent"]
[Date "2014.10.21"]
[Round "1"]
[White "Caruana, Fabiano"]
[Black "Vachier-Lagrave, Maxime"]
[Result "0-1"]
[WhiteElo "2844"]
[BlackElo "2757"]
[Annotator "Ramirez,Alejandro"]
[PlyCount "102"]
[EventDate "2014.??.??"]
[EventCountry "UZB"]

1. e4 c5 2. Nf3 d6 3. d4 cxd4 4. Nxd4 Nf6 5. Nc3 a6 6. f3 e5 7. Nb3 Be6 8. Be3
Be7 9. Qd2 O-O 10. O-O-O Nbd7 11. g4 b5 12. Rg1 Nb6 13. Na5 Rc8 14. g5 Nh5 15.
Kb1 Qc7 {This must be MVL's improvement from the Anand-Topalov game from last
year.} (15... Nf4 16. a3 g6 17. h4 Qc7 18. Bxf4 exf4 19. Nd5 Bxd5 20. exd5 $14
{Anand, V - Topalov, V; Norway Chess 2013 1-0 (41)}) 16. Nd5 Nxd5 17. exd5 Bxd5
18. Qxd5 Qxa5 19. Bd3 g6 20. c4 $5 {This changes the character of the position.
Caruana will regain his pawn, but the opposite colroed bishops and the open
files will guarantee Black at least some counterplay.} Nf4 21. Bxf4 exf4 22.
cxb5 axb5 23. Qxb5 Qa7 {White is up a pawn, but that is the only good thing
about his position. Practically speaking it must be easier to play with Black
already.} 24. Be4 Rc7 25. Bd5 Qf2 $5 {Mixing things up.} (25... Rb8 26. Qd3 Bf8
{was natural and good, though one can imagine that after Bb3 White will
eventually be solid enough for equality.}) 26. Qb3 Qxh2 {Black goes on a pawn
venture; White cannot really exploit the open h-file as his queen has no good
way to transfer to that flank.} 27. a4 Qf2 28. Rc1 Ra7 29. Qb4 Qe3 30. Rcd1 Qe5
31. Qb5 Kg7 32. Bc6 Rc8 33. Rg2 d5 $1 {A powerful and well timed move! White
surprisingly has no good way of taking this pawn.} 34. Bxd5 (34. Rxd5 Qe1+ 35.
Ka2 Qe6 36. Rc2 Bxg5 $17) (34. Qxd5 Qxd5 35. Bxd5 Rxa4 $17) 34... Rc5 35. Qb3
Bxg5 36. Bc4 Bf6 37. Re2 Qf5+ 38. Re4 Re5 39. Rde1 Rxe4 40. Rxe4 Re7 {Black is
now ahead in material and the endgames are far from drawn. In this case the
opposite colored bishops do not matter as much as White's bishop will have
huge problems transfering to defend against the advance of the h-pawn.} 41. Bd3
Rxe4 42. Bxe4 Qd7 43. Qb5 Qxb5 $1 {Well analyzed.} 44. axb5 Bd4 45. Kc2 h5 46.
b6 Bxb6 47. Kd1 f5 48. Bc6 g5 49. Bd7 Kf6 50. Ke2 g4 51. Kf1 Kg5 0-1

[Event "Tashkent FIDE GP 2014"]
[Site "Tashkent UZB"]
[Date "2014.10.22"]
[Round "2.1"]
[White "Giri, Anish"]
[Black "Mamedyarov, Shakhriyar"]
[Result "1/2-1/2"]
[WhiteElo "2768"]
[BlackElo "2764"]
[PlyCount "71"]
[EventDate "2014.10.21"]

1. d4 d5 2. c4 c6 3. Nf3 Nf6 4. Nc3 e6 5. e3 Nbd7 6. Qc2 a6 7. b3 Bd6 8. Bb2
O-O 9. Be2 e5 10. Nxd5 {An unusual novelty but there are some computers that
suggest this idea. The trick here is that White will recover his piece with
dxe5, forking the knight and bishop. The issue is more about the fact that I'm
not sure this can bring any advantage.} Nxd5 (10... cxd5 11. dxe5 Qa5+ 12. Kf1
Nxe5 13. Nxe5 Re8 14. Nf3 dxc4 15. Bxf6 gxf6 16. Bxc4 Bf5 {leaves White up a
pawn. The computers claim compensation, but im not so sure about that.}) 11.
cxd5 Qa5+ $6 (11... e4 $1 12. Qxe4 Bb4+ 13. Kf1 Nf6 14. Qb1 cxd5 {again gives
Black some compensation. White's development is awkward and his pieces dont
have any good future.}) 12. Bc3 Bb4 13. Bxb4 Qxb4+ 14. Qd2 Qxd2+ 15. Kxd2 exd4
16. Nxd4 cxd5 {Black retained material equality, but his position is far from
pretty. He has a bad version of an isolated pawn and White is well palced for
it.} 17. Rhc1 Nf6 18. Rc7 Rd8 19. Rac1 Ne8 20. R7c5 Kf8 {Black is extremely
passive and has a weak pawn. White should try to open a second front on the
kingside to create even more problems, but Giri somehow plays this too
passively.} 21. g4 h6 22. f3 Ke7 23. h3 Kd6 24. f4 Bd7 25. Bf3 Nf6 26. Nf5+
Bxf5 27. gxf5 Rd7 28. Kd3 {Now that Black has had time to bring the king to d6
it seems hard to make progress.} Re8 29. Rc8 Rxc8 30. Rxc8 Rc7 31. Rb8 Kc5 32.
a3 a5 33. Rf8 Kd6 34. Ra8 Rc5 35. Rf8 Rc7 36. Ra8 1/2-1/2

[Event "Tashkent FIDE GP 2014"]
[Site "Tashkent UZB"]
[Date "2014.10.22"]
[Round "2.3"]
[White "Jakovenko, Dmitry"]
[Black "Radjabov, Teimour"]
[Result "1/2-1/2"]
[WhiteElo "2747"]
[BlackElo "2726"]
[PlyCount "99"]
[EventDate "2014.10.21"]

1. Nf3 Nf6 2. c4 c5 3. Nc3 Nc6 4. g3 d5 5. d4 e6 6. cxd5 Nxd5 7. Bg2 cxd4 8.
Nxd4 Nxc3 9. bxc3 Nxd4 10. Qxd4 Qxd4 11. cxd4 Bb4+ 12. Bd2 Bxd2+ 13. Kxd2 Ke7
14. Rhc1 Rd8 15. Rc7+ Rd7 16. Rac1 Kd8 17. Rxd7+ Kxd7 18. g4 h6 19. f4 Rb8 20.
g5 hxg5 21. fxg5 b6 22. g6 {The novelty of the game, in an endgame that is
drawn almost always.} fxg6 23. Be4 Kd6 24. Rc6+ Kd7 25. Rc1 Kd6 26. Bxg6 Bd7
27. h4 Rf8 28. h5 Rf2 29. Rg1 Bb5 {This leads to a drawish endgame but it was
not necessary to give up a pawn.} (29... Bc6 $11) 30. Bd3 Bxd3 31. Kxd3 Rf5 32.
Rxg7 Rxh5 33. Rxa7 e5 34. Ra4 Rh3+ 35. Kd2 e4 36. Rb4 Kd5 37. Rxb6 Kxd4 38.
Rb4+ Ke5 39. Rb3 Rh1 40. Ke3 Rh3+ 41. Kd2 Rh1 42. Rb2 Kd4 43. a3 Ra1 44. Rb4+
Ke5 45. Rb3 Kf4 46. e3+ Kf3 47. Kc3 Re1 48. Kd4 Rd1+ 49. Kc4 Rc1+ 50. Kd4
1/2-1/2

[Event "Tashkent FIDE GP 2014"]
[Site "Tashkent UZB"]
[Date "2014.10.22"]
[Round "2.4"]
[White "Vachier-Lagrave, Maxime"]
[Black "Kasimdzhanov, Rustam"]
[Result "1-0"]
[WhiteElo "2757"]
[BlackElo "2706"]
[PlyCount "71"]
[EventDate "2014.10.21"]

1. e4 e5 2. Nf3 Nc6 3. Bb5 Nf6 4. d3 Bc5 5. Nbd2 d6 6. O-O Bd7 7. c3 O-O 8. Nc4
h6 $2 {Completely underestimating White's quiet moves.} 9. b4 Bb6 10. a4 {
Black's bishop is about to get trapped on b6, so Black is forced to weaken his
structure.} a5 11. Nxb6 cxb6 12. bxa5 Nxa5 13. h3 {With the pair of bishops
and a clear target on b6 White is on top. If Black takes on b5 his knight will
get stranded on a5 for the rest of the game.} d5 14. exd5 Bxb5 15. axb5 Qxd5
16. c4 Qe6 17. Bb2 e4 18. Re1 Rad8 19. Bxf6 Qxf6 20. Rxe4 Nb3 $6 (20... Rxd3
21. Qxd3 Qxa1+ 22. Kh2 {is still better for White, clearly, but Black has
reasonable chances to survive.}) 21. Ra3 Nc5 22. Re3 {Now Kasimdzhanov has the
worse position and is down a pawn.} Ne6 23. Qa1 Qe7 24. d4 Qf6 25. Re4 Rd6 26.
d5 Qxa1+ 27. Rxa1 Nc5 28. Re3 Rc8 29. Nd2 Rd7 30. Kf1 Kf8 31. Ne4 Rdc7 32. Nd6
Rd8 33. Rae1 g6 34. Re8+ Rxe8 35. Rxe8+ Kg7 36. Ke2 {Black is out of moves and
has the worse position and is down a pawn. A pretty simple win for MVL.} 1-0

[Event "Tashkent FIDE GP 2014"]
[Site "Tashkent UZB"]
[Date "2014.10.22"]
[Round "2.5"]
[White "Jobava, Baadur"]
[Black "Caruana, Fabiano"]
[Result "1/2-1/2"]
[WhiteElo "2717"]
[BlackElo "2844"]
[PlyCount "118"]
[EventDate "2014.10.21"]

1. e4 e5 2. Nf3 Nc6 3. Be2 Nf6 4. d3 d5 5. Nbd2 Bc5 6. c3 a5 {Playing the
reverse Philidor defense seems to be Jobava's style nowadays. He played this
successfully in the Russian Team Championship this year.} 7. Qa4 O-O 8. b4 Bd6
9. O-O $2 {Actually this move is suprisingly careless, and Caruana takes full
advantage of it.} b5 $1 {If White retreats he loses the b4 pawn. He has to
take on b5.} 10. Qxb5 axb4 11. exd5 Na5 (11... Ne7 $1 {Was a stronger move.
The knight will take on d5 soon and White's position is too close to falling
apart.}) 12. cxb4 Bd7 13. Qxa5 Rxa5 14. bxa5 Nxd5 15. Ne4 Qa8 16. d4 exd4 17.
Nxd6 cxd6 18. Nxd4 Qxa5 {The smoke has cleared and Black is up material. The
win is far from trivial, but it is Black that is pushing.} 19. Bf3 Rb8 20. a4
Qc3 21. Ba3 Qxd4 22. Rad1 Qxa4 23. Bxd6 Rd8 24. Bxd5 Bg4 25. f3 {With all the
pawns in one side of the board, now it is very difficult to win.} Be6 26. Bxe6
fxe6 27. Rd2 e5 28. Rfd1 Qb5 29. h3 Kf7 30. Rd5 Qe2 31. Kh2 Qc4 32. Kh1 h5 33.
Kg1 Qb3 34. R1d3 Qb6+ 35. Kh1 Qc6 36. Rd1 g5 37. R5d3 Qc4 38. Rd5 g4 39. fxg4
hxg4 40. hxg4 e4 (40... Qe2 41. Bxe5 Rxd5 42. Rxd5 Ke6 43. Rc5 Qf2 44. Bd4 $1
Qxd4 45. Rf5 Qd1+ 46. Kh2 Qxg4 47. Rf3 {is a known fortress. White just has to
shuffle the rook between h3 and f3.}) 41. Rf5+ Kg6 42. Rdd5 Rh8+ 43. Kg1 Qc1+
44. Kf2 Ra8 45. Bc5 Ra6 46. Kg3 Qe1+ 47. Kh3 Qc3+ 48. Kh2 Qh8+ 49. Rh5 Qb8+ 50.
Kh3 Qf4 51. Rdf5 Qc1 52. Bf8 Re6 53. Kh2 Qc7+ 54. g3 Qc2+ 55. Kh3 Qc1 56. Kg2
Re8 57. Rh6+ Qxh6 58. Bxh6 Kxh6 59. Kf2 e3+ 1/2-1/2

[Event "Tashkent FIDE GP"]
[Site "Tashkent UZB"]
[Date "2014.10.23"]
[Round "3"]
[White "Karjakin, Sergey"]
[Black "Jakovenko, D."]
[Result "1-0"]
[WhiteElo "2767"]
[BlackElo "2747"]
[PlyCount "69"]
[EventDate "2014.10.20"]

1. Nf3 Nf6 2. g3 d5 3. Bg2 c5 4. O-O g6 5. d4 cxd4 6. Nxd4 Bg7 7. Nb3 O-O 8.
Nc3 e6 9. e4 {A reverse Fianchetto Grunfeld! The extra tempo is not vital but
it does allow White to achieve his break without impediments.} dxe4 10. Nxe4
Nxe4 11. Qxd8 Rxd8 12. Bxe4 Nc6 13. c3 e5 14. Be3 f5 15. Bg2 Bf8 {White can be
reasonably happy with the opening result. He has a slight edge based on his
bishops' activity and he has no risk to play on.} 16. Rfe1 Be6 {Basically
sacrificing the e5 pawn. The idea is that the bishops will somewhat compensate.
} 17. Bg5 Re8 18. Bxc6 bxc6 19. Rxe5 Bd5 20. Bf4 Bg7 21. Rxe8+ Rxe8 22. Nd2 a5
23. c4 Bf7 24. Rb1 a4 {White's up a pawn and has consolidated it quite nicely.
Converting it should still be troublesome, however.} 25. b3 axb3 26. axb3 h6
27. h4 Re7 28. b4 Bc3 {This helps White, but maybe the opposite colored
bishops will do the trick.} (28... Bd4 29. b5 (29. Nb3 Bf6 {still gives White
problems to solve.}) 29... cxb5 30. cxb5 Re2 $11) 29. b5 cxb5 30. cxb5 Rb7 $2 (
30... Bxd2 {Jakovenko had to try this, although it still looks ugly} 31. Bxd2
h5 32. b6 (32. f3 $5 $16) 32... Bd5 33. Bf4 Kf7 34. Bc7 Bb7) 31. b6 Ba2 32. Rb5
h5 33. Nf3 {Now the pawn is just unstoppable.} Kf7 34. Be5 Bxe5 35. Nxe5+ 1-0

[Event "Tashkent FIDE GP"]
[Site "Tashkent UZB"]
[Date "2014.10.23"]
[Round "3"]
[White "Mamedyarov, S."]
[Black "Gelfand, B."]
[Result "1-0"]
[WhiteElo "2764"]
[BlackElo "2748"]
[PlyCount "113"]
[EventDate "2014.10.20"]

1. d4 Nf6 2. c4 g6 3. Nf3 Bg7 4. e3 O-O 5. Be2 c5 6. d5 d6 7. O-O e6 8. Nc3
exd5 9. cxd5 {Another Benoni, albeit a little passive from Mamedyarov. With
the pawn on e3 and the bishop trapped behind it on c1 Black is supposed to
have good play in one of many ways.} Bg4 10. e4 {There are many games from
this position, but almost all of them have White to move in this position....}
Re8 11. Qc2 Nbd7 12. Bf4 Bxf3 (12... Qe7 {was more natural, hitting the pawn
on e4 and defending d6.}) 13. Bxf3 Ne5 14. Be2 a6 15. a4 Rc8 (15... Nh5 $5 {
I'm not sure how correct this move is, but it would have been awesome to see
Gelfand sacrifice his structure like this two times in a row in his black
games. The more I think of it, the better I like this move.}) 16. Rae1 Qb6 17.
Ra1 c4 18. a5 Qd8 19. Be3 Nfd7 20. Na4 h5 21. h3 Qe7 22. Rac1 Kh7 $2 {This is
too slow. Gelfand misses his chance to equalize the game.} (22... Nd3 23. Bxd3
cxd3 24. Qxd3 Rxc1 25. Rxc1 Qxe4 $11) 23. b3 cxb3 24. Qxb3 {Now that the
b-file is open  Black is some serious and obvious problems.} Nf6 25. Qb4 Rxc1
26. Rxc1 Bh6 27. Bxh6 Kxh6 28. Nb6 Ned7 29. Nxd7 Nxd7 30. Qxb7 Nc5 31. Qxe7 $6
(31. Qb6 $1) 31... Rxe7 32. f3 {An extra pawn is an extra pawn. Gelfand gets
it back, but it gives White time to put his rook in the magnificent b6 square.}
f5 33. Rb1 fxe4 34. Rb6 exf3 35. Bxf3 Rd7 36. Kf2 (36. Be2 Kg5 37. Bxa6 Nxa6
38. Rxa6 Kf5 39. Kf2 Ke5 {should be enough activity to hold the draw.}) 36...
Kg5 37. Ke3 Kf6 38. Kd4 Rd8 39. Be2 Ke7 {Black is in time to hold his pawn
right now (Bxa6 fails to Ra8) but his position is uncomfortable. That being
said, how does White make progress?} 40. Rc6 Rb8 41. Rc7+ Kf6 42. Rxc5 $5 {Not
too dangerous of a sacrifice. The passed pawn alone should be enough
compensation to keep White safe.} dxc5+ 43. Kxc5 Rc8+ 44. Kb6 Ke5 45. Bxa6 Rc2
46. Bf1 Rf2 47. Bc4 Rxg2 $4 (47... Kd6 $1 {kept equality. White doesn't have
time to push his pawn here.} 48. a6 Rb2+ $1 {It's of paramount importance to
distract the bishop.} 49. Bb5 Rxg2 50. a7 (50. h4 Ra2 51. a7 Rxa7 52. Kxa7 Kxd5
$11) 50... Ra2 51. Bc6 (51. Ba6 Rb2+ 52. Bb5 $11 (52. Ka5 $4 Kc5 $19)) 51... g5
{and Black's counterplay is sufficient!}) 48. a6 Rf2 (48... Kd6 49. a7 Rb2+ 50.
Ka5 {and now, because the bishop is covering a2, there is no Ra2+ or Kc5 in
time to stop the pawn.} Rb1 51. Bb5 $18) 49. Kc5 Rf8 50. Bb5 Ra8 51. d6 Ke6 52.
h4 g5 53. hxg5 h4 54. d7 Ke7 55. g6 h3 56. g7 h2 57. Bc6 1-0

[Event "Tashkent FIDE GP"]
[Site "Tashkent UZB"]
[Date "2014.10.23"]
[Round "3"]
[White "Kasimdzhanov, R."]
[Black "Jobava, Ba"]
[Result "0-1"]
[WhiteElo "2706"]
[BlackElo "2717"]
[PlyCount "66"]
[EventDate "2014.10.20"]

1. e4 e6 2. d4 d5 3. Nc3 dxe4 4. Nxe4 Bd7 5. Nf3 Bc6 6. Bd3 Nd7 7. O-O Ngf6 8.
Ng3 g6 9. c4 Bg7 {Jobava's openings are always unique! How often do you see
Black kingside fianchetto in a French!? Black's position is not the best, it
is passive and he doesn't have a lot of play, but he is at least very solid.}
10. d5 $5 {Going for it. White sacrifices a pawn to keep the opponent's king
on f8, but this was not necessary.} (10. Bf4 O-O 11. Re1 $14) 10... exd5 11.
Re1+ Kf8 12. cxd5 (12. Nd4 $44) 12... Bxd5 13. Qc2 c6 14. Ng5 Kg8 15. Bf4 Nf8
16. Rad1 Qa5 17. a3 Rd8 18. Bd2 Qb6 19. Be3 Qc7 {Clearly White must have some
compensation for his pawn. Black's pieces are placed in a very strange fashion.
However there is no immediate way to break through and it seems as if with
every passing moment from here on out Black will push White back and
consolidate his pawn.} 20. h3 $6 (20. Bd4 $1) 20... h6 21. N5e4 Ne6 22. Nxf6+
Bxf6 23. Be4 Kg7 24. Bxa7 $2 {Probably based on a miscalculation.} b6 25. Bxd5
Nd4 {Perhaps Kasimdzhanov missed this intermediate move?} 26. Qa4 Rxd5 27. Qa6
Qd7 28. Rxd4 Bxd4 29. Bxb6 c5 {Black is now up the exchange with great
activity.} 30. Ba5 Bxb2 31. Qc4 Bd4 32. Bc3 Ra8 33. Re3 Rxa3 0-1

[Event "Tashkent FIDE GP"]
[Site "Tashkent UZB"]
[Date "2014.10.24"]
[Round "4"]
[White "Gelfand, B."]
[Black "Jakovenko, D."]
[Result "1/2-1/2"]
[WhiteElo "2748"]
[BlackElo "2747"]
[PlyCount "61"]
[EventDate "2014.10.20"]

1. d4 Nf6 2. c4 e6 3. Nf3 d5 4. Nc3 Be7 5. Bf4 O-O 6. e3 Nbd7 7. c5 Nh5 8. Be2
Nxf4 9. exf4 c6 10. O-O b6 11. b4 a5 12. a3 Qc7 13. g3 Ba6 14. Qc2 Bxe2 15.
Nxe2 Ra7 (15... Ra6 16. Rab1 axb4 17. axb4 {was a draw eventually in the game
Grischuk-Nakamura, European Club Cup 2014. About a month ago.}) 16. Rab1 axb4
17. axb4 Rfa8 18. Nc1 Bf6 19. Nd3 Ra4 20. Rfc1 bxc5 21. Nxc5 Nxc5 22. Qxc5 Be7
23. Qxc6 Qxc6 24. Rxc6 Rxb4 {Obviously equal.} 25. Rxb4 Bxb4 26. Kf1 Be7 27.
Ke2 g6 28. h4 h5 29. Rc7 Bf6 30. Ke3 Ra3+ 31. Ke2 1/2-1/2

[Event "Tashkent FIDE GP"]
[Site "Tashkent UZB"]
[Date "2014.10.24"]
[Round "4"]
[White "Mamedyarov, S."]
[Black "Nakamura, Hi"]
[Result "1/2-1/2"]
[WhiteElo "2764"]
[BlackElo "2764"]
[PlyCount "68"]
[EventDate "2014.10.20"]

1. d4 d5 2. c4 e6 3. Nc3 Be7 4. cxd5 exd5 5. Bf4 c6 6. e3 Bf5 7. g4 Be6 8. h4
Nd7 9. h5 Nh6 10. Be2 Nb6 11. Nh3 g5 12. hxg6 hxg6 13. Be5 (13. Bg3 Qd7 14. Nf4
O-O-O 15. Nxe6 Qxe6 {Nakamura-Aronian, 2011}) 13... f6 14. Nf4 {The start of
some interesting complications.} fxe5 (14... Bf7 15. Qc2 fxe5 16. Nxg6 {is
also very unclear.}) 15. Nxg6 Rg8 16. Nxe7 Qxe7 17. Rxh6 e4 {White ends up a
pawn but it is weak and on g4. The computer suggestion of Kd2 makes sense as
White wants to trasnfer his king to the queenside, but it is not a natural
move by any means.} 18. a4 Nd7 19. Qb3 (19. Kd2 $1 O-O-O 20. Qg1 Rdf8 $44)
19... Nf6 20. Rc1 Bxg4 21. Rxf6 Qxf6 22. Qxb7 Rd8 23. Qxa7 Rf8 {Now Black
really ans nothing to fear. He has enough activity to compensate for his
awkward king and White's two pawns for an exchange.} 24. Nd1 Bxe2 25. Kxe2 Qd6
26. Rc5 Rb8 27. Qa5 Kd7 28. Qc3 Ra8 29. a5 Rfb8 30. b4 Rb5 31. Rxb5 cxb5 32.
Qc5 Rc8 33. Qxb5+ Ke6 34. a6 (34. Qa4 Qc7 $11) 34... Ra8 1/2-1/2